000 00314nam a22001337a 4500
020 _qHB.
040 _cFIZZA ISHAQ
082 _a003.1
_bMAR
100 _aSIBLEY,MARTIN.
_990854
245 _aMODREN TELE COMMUNICATION /
_cMARTIN SIBLEY.
260 _aCRC PRESS ;
_c2018.
300 _a190 P. ;
942 _2ddc
_cBK
999 _c589064
_d589064